AH International Schools' Libraries

Flip Flap Farm / (Record no. 48724)

MARC details
000 -LEADER
fixed length control field 00956nam a2200145 4500
020 ## - INTERNATIONAL STANDARD BOOK NUMBER
International Standard Book Number 9780857632456
100 ## - MAIN ENTRY--PERSONAL NAME
Personal name Scheffler, Axel,
Relator term author.
9 (RLIN) 45444
245 ## - TITLE STATEMENT
Title Flip Flap Farm /
Remainder of title Funny rhymes and crazy creatures to make you giggle.
Statement of responsibility, etc By Axel Scheffler.
260 ## - PUBLICATION, DISTRIBUTION, ETC. (IMPRINT)
Place of publication, distribution, etc London :
Name of publisher, distributor, etc Nosy Crow ;
Date of publication, distribution, etc 2013.
300 ## - PHYSICAL DESCRIPTION
Extent 28 pages.
Dimensions 25 x 1.8 x 19 cm.
490 ## - SERIES STATEMENT
Series statement Axel Scheffler's Flip Flap
520 ## - SUMMARY, ETC.
Summary, etc What do you get if you cross a pig with a turkey? Why, that would be a purkey! And a sheep with a rabbit? That would be a shabbit, of course! With over 121 possible farmyard creations, silly names and strange noises to make you giggle, this Flip Flap book is perfect for preschoolers and ideal for animal fans. With a hilarious rhyming text and brilliant illustrations from Axel Scheffler, the illustrator of The Gruffalo, simply flip the pages to create some seriously silly mixed-up farmyard animals.
650 #0 - SUBJECT ADDED ENTRY--TOPICAL TERM
9 (RLIN) 77011
Topical term or geographic name as entry element Farm Animals
942 ## - ADDED ENTRY ELEMENTS (KOHA)
Source of classification or shelving scheme
Koha item type Book
Holdings
Withdrawn status Lost status Source of classification or shelving scheme Damaged status Not for loan Home library Current library Date acquired Total Checkouts Full call number Barcode Date last seen Date checked out Price effective from Koha item type
          Logos International School Logos International School 03/25/2025 7 E SCH 040567 04/02/2026 03/12/2026 03/25/2025 Book

For any Logos Library related questions please contact Miss Art at swongnarasuk@asianhope.org.

For any Asian Hope Library related questions please contact Miss Raza at graza@asianhope.org.

Powered by Koha